| 000 | 00360nam a2200145Ia 4500 | ||
|---|---|---|---|
| 008 | 230312s9999||||xx |||||||||||||| ||und|| | ||
| 020 | _a9781847108548 | ||
| 082 |
_a636.8 _bCAT |
||
| 245 | 0 | _aCAT(introductory level) | |
| 260 |
_bKaplan _aPakistan _c2009 |
||
| 300 | _a382 | ||
| 546 | _a3 | ||
| 650 |
_aAccounting _vTypes of business docomentations |
||
| 942 | _cBK | ||
| 999 |
_c6306 _d6306 |
||